000 00805nam a2200241 a 4500
001 000012699
003 OSt
005 20250630104809.0
008 091116s1974 dr c 000 f spa d
040 _aDO-SdBNP
_bspa
_cBNPHU
082 _aRD863.44
_bP936m, 1974
100 1 _aPrestol Castillo, Freddy,
_d1914-1981
_922071
245 1 3 _aEl Masacre se pasa a pie /
_cFreddy Prestol Castillo.
250 _a2a ed.
260 _aSanto Domingo :
_bTaller,
_c1974.
300 _a153 p. :
_bretrs. ;
_c20 cm.
590 _aInventariado, 2019/BT
650 0 _aNovela histórica dominicana.
_9860
650 0 _aLiteratura dominicana.
_967
651 0 _aREPÚBLICA DOMINICANA
_xHISTORIA
_yERA DE TRUJILLO, 1930-1961
_xNOVELA
_921999
910 _aVMateo / Validado. Control de calidad. MMOLINA
942 _2ddc
_cLBS1
999 _c12350
_d12350